| 000 | 00812nam a2200253 a 4500 | ||
|---|---|---|---|
| 005 | 20140412111313.0 | ||
| 008 | 001121s19uu xx 00 eng d | ||
| 020 | _a0-395-48010-8 | ||
| 050 |
_aTR(GS 808.83 _bB147 1986 |
||
| 050 |
_aTR{GS 808.83 _bB147 1986 |
||
| 245 |
_aBeginning to read B : _bSay it again!. |
||
| 260 |
_aBoston, MA : _bHoughton Mifflin Company, _c1989. |
||
| 300 | _a96 p. ; ill. | ||
| 440 | _aHoughton Mifflin Literary Readers | ||
| 500 | _aContents: Reading--Cat goes fiddle-i-fee--A Good home--Good morning, chick--A Kite--Boo Bear and the Kite--Over in the meadow--The Little Turtle--Fox gets lunch. | ||
| 650 | _aReading | ||
| 650 | _aChildren stories | ||
| 999 |
_c104127 _d104127 |
||